[Event "EU-ch U14 Girls 31st"]
[Site "Mamaia"]
[Date "2023.09.05"]
[Round "1"]
[White "Bursali, Ela"]
[Black "Mgeladze, Kesaria"]
[Result "0-1"]
[WhiteElo "1581"]
[BlackElo "1994"]
[PlyCount "176"]
[EventDate "2023.09.05"]
[EventType "swiss"]
[EventRounds "9"]
[EventCountry "ROU"]
[SourceTitle "EXT 2024"]
[Source "ChessBase"]
[SourceDate "2023.10.10"]
[SourceVersion "1"]
[SourceVersionDate "2023.10.10"]
[SourceQuality "1"]

1. e4 c5 2. Nf3 Nc6 3. d3 g6 4. Nbd2 Bg7 5. g3 e6 6. Bg2 Nge7 7. 0-0 0-0 8. Re1 d6 9. h3 Rb8 10. Nf1 b5 11. c3 b4 12. Qc2 Qb6 13. Bf4 Rd8 14. N1d2 Ba6 15. c4 Rbc8 16. Nb3 Bb7 17. Rad1 a5 18. h4 a4 19. Nc1 Ra8 20. Qe2 b3 21. a3 Rd7 22. g4 Re8 23. Qd2 Qa5 24. Qxa5 Nxa5 25. e5 Nec6 26. Bd2 dxe5 27. Bxa5 Nxa5 28. Nxe5 Bxe5 29. Rxe5 Bxg2 30. Kxg2 Nxc4 31. Rxc5 Nxb2 32. Rd2 Nxd3 33. Nxd3 b2 34. Rb5 Red8 35. Rdxb2 Rxd3 36. R2b4 Ra8 37. Rb7 Rxa3 38. Rf4 Rf8 39. Ra7 Kg7 40. g5 Ra1 41. Re4 Re8 42. Rf4 Rf8 43. Re4 Kg8 44. Rexa4 Rxa4 45. Rxa4 Rc8 46. Kg3 Kg7 47. Kf4 Rc1 48. Kg3 h6 49. f3 Rc5 50. Kf4 Rf5+ 51. Kg4 h5+ 52. Kg3 Rc5 53. Rb4 Rc7 54. Rf4 Rb7 55. Re4 Rc7 56. Kh3 Re7 57. Kg3 e5 58. Rb4 f6 59. Ra4 Kf7 60. Ra6 f5 61. Ra4 Rd7 62. Rb4 Ke6 63. Rb6+ Rd6 64. Rb8 f4+ 65. Kf2 Rd2+ 66. Ke1 Rd3 67. Kf2 Rd7 68. Rb6+ Rd6 69. Rb8 Kd5 70. Rb5+ Kd4 71. Ke2 Rc6 72. Rb2 e4 73. fxe4 Kxe4 74. Rb4+ Kf5 75. Kf3 Rc3+ 76. Kf2 Rc2+ 77. Kf3 Rc3+ 78. Kf2 Kg4 79. Rb6 Rc2+ 80. Ke1 f3 81. Rxg6 f2+ 82. Kf1 Kg3 83. Rf6 Rc1+ 84. Ke2 Re1+ 85. Kd3 f1Q+ 86. Rxf1 Rxf1 87. Ke4 Kxh4 88. g6 Rf6 0-1

[Event "EU-ch U14 Girls 30th"]
[Site "Antalya"]
[Date "2022.11.10"]
[Round "5"]
[White "Bursali, Ela"]
[Black "Darmaeva, Nomina"]
[Result "0-1"]
[WhiteElo "1369"]
[BlackElo "1804"]
[PlyCount "68"]
[EventDate "2022.11.06"]
[EventType "swiss"]
[EventRounds "9"]
[EventCountry "TUR"]
[SourceTitle "CBM 211 Extra"]
[Source "ChessBase"]
[SourceDate "2023.01.31"]
[SourceVersion "1"]
[SourceVersionDate "2023.01.31"]
[SourceQuality "1"]

1. d4 d5 2. Nf3 e6 3. e3 Nf6 4. Bd3 c5 5. Nc3 Nc6 6. 0-0 Be7 7. b3 0-0 8. Bb2 b6 9. Ne5 Bb7 10. f4 Nb4 11. Be2 Ne4 12. a3 Nc6 13. Nxe4 dxe4 14. c4 Qc7 15. Qc2 Rad8 16. Rad1 cxd4 17. exd4 Nxd4 18. Bxd4 Rxd4 19. Kh1 Rfd8 20. Rxd4 Rxd4 21. Qc3 Rd8 22. Qg3 Bf6 23. h4 Qe7 24. h5 h6 25. Ng4 Kh8 26. Ne3 Bh4 27. Qh3 f5 28. g3 Bf6 29. g4 Rd2 30. Rf2 fxg4 31. Qxg4 Bd4 32. Nf1 e3+ 33. Kh2 Rb2 34. Nxe3 Bxe3 0-1

[Event "EU-ch U14 Girls 30th"]
[Site "Antalya"]
[Date "2022.11.07"]
[Round "2"]
[White "Tirpan, Ceren"]
[Black "Bursali, Ela"]
[Result "1/2-1/2"]
[WhiteElo "1673"]
[BlackElo "1369"]
[PlyCount "102"]
[EventDate "2022.11.06"]
[EventType "swiss"]
[EventRounds "9"]
[EventCountry "TUR"]
[SourceTitle "EXT 2024"]
[Source "ChessBase"]
[SourceDate "2023.10.10"]
[SourceVersion "1"]
[SourceVersionDate "2023.10.10"]
[SourceQuality "1"]

1. Nf3 c5 2. c4 Nc6 3. Nc3 g6 4. g3 Bg7 5. Bg2 d6 6. 0-0 e5 7. e3 Nge7 8. Ne1 Be6 9. Nd5 0-0 10. Nc2 a5 11. d3 f5 12. Qe2 Bf7 13. Bd2 Nxd5 14. cxd5 Ne7 15. e4 Be8 16. a4 b5 17. axb5 Bxb5 18. Na3 Ba6 19. Nc4 fxe4 20. Bxe4 Bxc4 21. dxc4 Qb6 22. Bc3 Nf5 23. Ra4 Nd4 24. Qg4 Rf6 25. h4 h5 26. Qd1 Bh6 27. Kg2 Qd8 28. Qd3 Kh7 29. Rfa1 Qf8 30. Be1 Rb8 31. Qb1 Nb3 32. R1a2 Bd2 33. Qd1 Bxe1 34. Qxe1 Qf7 35. f3 Kh8 36. Qe3 Rb6 37. Qc3 Rb8 38. R4a3 Qb7 39. Qe3 Kg7 40. Bc2 Nd4 41. Bd1 Nf5 42. Qd2 Qb4 43. Rc3 Nd4 44. b3 Ra8 45. Ra4 Qb6 46. Rc1 Rf7 47. Rca1 Rfa7 48. Qc3 Qd8 49. Qe3 Qf6 50. R1a2 Nf5 51. Qd3 Nd4 1/2-1/2

[Event "TUR-ch (Women)"]
[Site "Ayvalik"]
[Date "2022.03.09"]
[Round "6"]
[White "Alagoz, Zumra Meryem"]
[Black "Bursali, Ela"]
[Result "1-0"]
[WhiteElo "1495"]
[BlackElo "1321"]
[PlyCount "93"]
[EventDate "2022.03.05"]
[EventType "swiss"]
[EventRounds "9"]
[EventCountry "TUR"]
[SourceTitle "EXT 2023"]
[Source "ChessBase"]
[SourceDate "2022.10.05"]
[SourceVersion "1"]
[SourceVersionDate "2022.10.05"]
[SourceQuality "1"]

1. d4 d5 2. c4 c6 3. Nf3 dxc4 4. g3 Bf5 5. Nc3 Nf6 6. Bg2 Nbd7 7. a4 e6 8. 0-0 Bb4 9. Nd2 Nb6 10. Nde4 Nxe4 11. Nxe4 0-0 12. Nc3 Bg6 13. e4 f6 14. Be3 Rc8 15. Qe2 c5 16. Rfd1 cxd4 17. Bxd4 Qe7 18. Nb5 Bc5 19. a5 Bxd4 20. Nxd4 Nd7 21. Nb5 a6 22. Nd6 Rc7 23. Nxc4 Qc5 24. Bf1 Bh5 25. g4 Qg5 26. h3 Bf7 27. Qe3 Qxe3 28. Nxe3 Nc5 29. Rac1 Rfc8 30. b4 Nd7 31. Rxc7 Rxc7 32. f4 Kf8 33. Kf2 Ke7 34. Bc4 Nb8 35. f5 e5 36. Bxf7 Kxf7 37. Rd2 Nc6 38. Nd5 Rd7 39. Rc2 Rd8 40. Rc5 Ra8 41. Ke3 Rd8 42. b5 axb5 43. Rxb5 Rd7 44. Rc5 Ke8 45. a6 Ne7 46. a7 Rd8 47. Nc7+ 1-0

[Event "EU-ch Amateur Online Final 1400/1700"]
[Site "Tornelo INT"]
[Date "2021.04.18"]
[Round "7"]
[White "Oikonomopoulos, Filippos"]
[Black "Bursali, Ela"]
[Result "0-1"]
[WhiteElo "1574"]
[BlackElo "1274"]
[PlyCount "104"]
[EventDate "2021.04.18"]
[EventType "swiss (rapid)"]
[EventRounds "9"]
[EventCountry "NET"]
[SourceTitle "EXT 2023"]
[Source "ChessBase"]
[SourceDate "2022.10.05"]
[SourceVersion "1"]
[SourceVersionDate "2022.10.05"]
[SourceQuality "1"]

1. d4 d5 2. Bf4 Nf6 3. e3 c5 4. c3 Nc6 5. Nd2 Bf5 6. Ngf3 e6 7. Bb5 Qb6 8. Qa4 Be7 9. Ne5 0-0 10. Bxc6 bxc6 11. Nxc6 Bd8 12. Bd6 Re8 13. b4 c4 14. Bc5 Qb7 15. Nf3 Bb6 16. Nce5 Ne4 17. Rc1 Bxc5 18. dxc5 f6 19. c6 Qc7 20. Nd7 Rac8 21. Nd4 Bg6 22. f3 Nd6 23. Nc5 e5 24. Nb5 Nxb5 25. Qxb5 Qxc6 26. Qxc6 Rxc6 27. Kf2 Bf7 28. Rhd1 Rb8 29. e4 Rd8 30. exd5 Rxd5 31. Rxd5 Bxd5 32. Rd1 Rd6 33. Ke3 Kf7 34. Nb7 Rd7 35. a4 Rxb7 36. Rxd5 Rc7 37. Ke4 Ke6 38. g4 g6 39. Rd2 a6 40. f4 f5+ 41. gxf5+ gxf5+ 42. Ke3 e4 43. h4 Rb7 44. Rd4 Rc7 45. Rd2 Rg7 46. Rd4 Rg3+ 47. Kd2 Rd3+ 48. Rxd3 exd3 49. Ke3 Kd5 50. h5 h6 51. Kd2 Kc6 52. Ke3 Kb6 0-1